| 000 | 01090nam a22003257a 4500 | ||
|---|---|---|---|
| 003 | CHAP | ||
| 005 | 20220817042006.0 | ||
| 008 | 971013s1996 r 00010 d | ||
| 010 | _a31149 | ||
| 011 | _a32121 | ||
| 035 | _a36234 | ||
| 040 | _cCHAP | ||
| 082 |
_a378.1 _bK3 |
||
| 100 | 0 | 0 |
_aKaplan, Marcos. _962711 |
| 245 | _aUniversidad nacional, sociedad y desarrollo | ||
| 260 |
_aMéxico, D.F. : _bAsociación Nacional de Universidades e Instituciones de Educación Superior, _c1996 |
||
| 300 | _a99 p. | ||
| 490 | _aColección biblioteca de la educación superior | ||
| 590 |
_aBATCH-UPD _b10 _c20130110 _lUCH01 _h1248 |
||
| 590 |
_aBATCH-UPD _b10 _c20130410 _lUCH01 _h0811 |
||
| 590 |
_aBATCH-UPD _b10 _c20130914 _lUCH01 _h1003 |
||
| 590 |
_aCONVERSION _b10 _c20130109 _lUCH01 _h1318 |
||
| 650 | 1 | 4 | _aEducación superior. |
| 650 | 1 | 4 |
_aPolítica educativa. _990539 |
| 650 | 1 | 4 |
_aUniversidades. _9116595 |
| 830 | 0 |
_aColección biblioteca de la educación superior _924718 |
|
| 901 | _aBK | ||
| 942 | _cLIBRO | ||
| 949 |
_a378.1 K3 _bBC _cLIBRO _d33724000680724 _eLIBRO _h92211 _i36234 _si |
||
| 999 |
_c31149 _d31149 |
||